Inštitúcie EÚ
Rada a Komisia - patria medzi rozhodujúce inštitúcie EÚ. Rada Európskej únie. Zloženie Rady. Predsedníctvo Rady. Rokovania Rady. Základné právomoci a pôsobnosti Rady. Rozhodovanie v Rade Európskej únie. Právne postavenie Rady a Komisie. Lisabonská zmluva a Rada EÚ. Transparentnosť a Rada EÚ. Dôležit...
Salvato in:
| Autore principale: | |
|---|---|
| Natura: | Capitolo di libro |
| Lingua: | slovacco |
| Soggetti: | |
| Tags: |
Nessun Tag, puoi essere il primo ad aggiungerne!!
|
MARC
| LEADER | 00000naa$a2200000$$$4500 | ||
|---|---|---|---|
| 001 | 0097201 | ||
| 005 | 20231120113301.7 | ||
| 041 | 0 | |a slo | |
| 044 | |a SK | ||
| 245 | 1 | 0 | |a Inštitúcie EÚ |c Vojtech Tkáč |
| 520 | |a Rada a Komisia - patria medzi rozhodujúce inštitúcie EÚ. Rada Európskej únie. Zloženie Rady. Predsedníctvo Rady. Rokovania Rady. Základné právomoci a pôsobnosti Rady. Rozhodovanie v Rade Európskej únie. Právne postavenie Rady a Komisie. Lisabonská zmluva a Rada EÚ. Transparentnosť a Rada EÚ. Dôležité adresy. | ||
| 610 | 2 | 0 | |a inštitúcia |
| 610 | 2 | 0 | |a Európska únia |
| 610 | 2 | 0 | |a Rada Európskej únie |
| 610 | 2 | 0 | |a Európska komisia |
| 610 | 2 | 0 | |a právomoc |
| 610 | 2 | 0 | |a legislatíva |
| 610 | 2 | 0 | |a rozhodovanie |
| 100 | 1 | |a Tkáč, Vojtech | |